01102 2200385 4500001002100000005001500021035002000036007000300056040001700059100001900076245007800095250001800173300003400191504002900225020001800254041000800272082001000280084001600290090002000306260003700326600002700363650002100390850001000411008004100421990002200462990002200484990002200506990002600528990002700554990002700581990002700608990002700635990002700662990002700689INLIS00000000000338220260417082719 a0010-0521000019ta aSBPUPADbind0 aEtin Solihatin1 aCooperative Learning :bAnalisis Model Pembelajaran IPS /cEtin Solihatin a.-Ed 1, Cet 1 ax, 140 hlm. :bilus. ;c23 cm abibliografi, 135-137 hlm a979-010-003-5 aind a370.7 a370.7 ETI c a370.7 ETI c 9-4 a.--Jakarta :bBumi Aksara,c2007 4aIlmu Pengeahuan Sosial 4aPembelajaran IPS aPUPAD260417 0  a7481/ARPUS-PDG.08 a7480/ARPUS-PDG.08 a7482/ARPUS-PDG.08 a4576/B/ARPUS-PDG/2008 a5395/BR/ARPUS/PDG/2007 a5396/BR/ARPUS/PDG/2007 a5397/BR/ARPUS/PDG/2007 a5398/BR/ARPUS/PDG/2007 a5399/BR/ARPUS/PDG/2007 a5400/BR/ARPUS/PDG/2007